Państwa w Euro Truck Simulator 2 bez DLC - Statystyki

Ogólne statystyki
  • Ten quiz został rozwiązany 71 razy
    70 od ostatniego zresetowania
  • Średni wynik to 11 z 12
Statystyki odpowiedzi
Państwo % Poprawnych
Polska
100%
Francja
98%
Czechy
96%
Niemcy
96%
Wielka Brytania
93%
Austria
91%
Włochy
89%
Holandia
88%
Szwajcaria
86%
Belgia
84%
Słowacja
84%
Luksemburg
81%
Nie znaleziono quizów pasujących do podanych kryteriów
Rozkład punktacji
Procent ludzi z każdym wynikiem
Percentyl według liczby udzielonych odpowiedzi
Twoja historia wyników
Nie rozwiązałeś tego quizu od ostatniego zresetowania